Выделение и исследование абиотической активности метаболита Pseudomonas aeruginosa пиоцианина; Перспективы развития фундаментальных наук

التفاصيل البيبلوغرافية
Parent link:Перспективы развития фундаментальных наук.— 2012.— [С. 513-515]
المؤلف الرئيسي: Хохлова И. Ю. Ирина Юрьевна
مؤلفون آخرون: Чубик М. В. Марианна Валериановна (научный руководитель)
الملخص:Заглавие с экрана
Pyocyanin is a water-soluble blue-green phenazine pigment produced in large quantities by active cultures of Pseudomonas aeruginosa when grown in nutrient agar medium. Isolation of this substance was performed by extraction method with chloroform. Eluate was concentrated by evaporation with rotary evaporator to give crude phenazine. Purity of the obtained substance was verifiad by thin-layer chromatography (TLC) with toluene/acetone 3/1 as eluents. The nature of Pyocyanin antibacterial action was determined for several bacteria. In addition, according to the study of biological property, this antibacterial substance can inhibit some of microorganisms that are Staphylococcus aureus, Bacillus cereus, Escherichia coli, Candida albicans.
اللغة:الروسية
منشور في: 2012
سلاسل:Химия
الموضوعات:
الوصول للمادة أونلاين:http://www.lib.tpu.ru/fulltext/c/2012/C21/172.pdf
التنسيق: MixedMaterials الكتروني فصل الكتاب
KOHA link:https://koha.lib.tpu.ru/cgi-bin/koha/opac-detail.pl?biblionumber=238450

MARC

LEADER 00000nla2a2200000 4500
001 238450
005 20231031205138.0
035 |a (RuTPU)RU\TPU\book\259642 
035 |a RU\TPU\book\259639 
090 |a 238450 
100 |a 20130527d2012 k y0rusy50 ca 
101 0 |a rus  |g eng  |g rus 
102 |a RU 
105 |a y z 101zy 
135 |a drcn ---uucaa 
181 0 |a i  
182 0 |a b 
200 1 |a Выделение и исследование абиотической активности метаболита Pseudomonas aeruginosa пиоцианина  |b Электронный ресурс  |f И. Ю. Хохлова, М. В. Чубик  |g науч. рук. М. В. Чубик  |d Isolation ans analisis of antibacterial activity Pseudomonas aeruginosa metabolite pyocyanin 
203 |a Текст  |c электронный 
215 |a 1 файл(325 Кб) 
225 1 |a Химия 
230 |a Электронные текстовые данные (1 файл: 325 Кб) 
300 |a Заглавие с экрана 
320 |a [Библиогр.: с. 515 (5 назв.)] 
330 |a Pyocyanin is a water-soluble blue-green phenazine pigment produced in large quantities by active cultures of Pseudomonas aeruginosa when grown in nutrient agar medium. Isolation of this substance was performed by extraction method with chloroform. Eluate was concentrated by evaporation with rotary evaporator to give crude phenazine. Purity of the obtained substance was verifiad by thin-layer chromatography (TLC) with toluene/acetone 3/1 as eluents. The nature of Pyocyanin antibacterial action was determined for several bacteria. In addition, according to the study of biological property, this antibacterial substance can inhibit some of microorganisms that are Staphylococcus aureus, Bacillus cereus, Escherichia coli, Candida albicans. 
337 |a Adobe Reader 
463 1 |0 (RuTPU)RU\TPU\book\256864  |t Перспективы развития фундаментальных наук  |l Prospects of fundamental sciences development  |o сборник научных трудов IX Международной конференция студентов и молодых ученых, г. Томск, 24-27 апреля 2012 г.  |f Национальный исследовательский Томский политехнический университет (ТПУ) ; ред. коллегия Е. А. Вайтулевич ; Г. А. Лямина ; Г. А. Воронова ; М. П. Никитич ; А. М. Лидер ; Ю. Р. Цой ; М. Е. Семенов  |v [С. 513-515]  |d 2012 
510 1 |a Isolation ans analisis of antibacterial activity Pseudomonas aeruginosa metabolite pyocyanin  |z eng 
610 1 |a электронный ресурс 
610 1 |a труды учёных ТПУ 
610 1 |a выделение 
610 1 |a исследование 
610 1 |a абиотические процессы 
610 1 |a активность 
610 1 |a метаболиты 
700 1 |a Хохлова  |b И. Ю.  |c химик-органик  |c инженер Томского политехнического университета  |f 1990-  |g Ирина Юрьевна  |2 stltpush  |3 (RuTPU)RU\TPU\pers\30873 
701 1 |a Чубик  |b М. В.  |c химик  |c доцент Томского политехнического университета, кандидат медицинских наук  |f 1974-  |g Марианна Валериановна  |2 stltpush  |3 (RuTPU)RU\TPU\pers\26629 
702 1 |a Чубик  |b М. В.  |c химик  |c доцент Томского политехнического университета, кандидат медицинских наук  |f 1974-  |g Марианна Валериановна  |2 stltpush  |4 727 
801 1 |a RU  |b 63413507  |c 20101016 
801 2 |a RU  |b 63413507  |c 20131017  |g RCR 
856 4 |u http://www.lib.tpu.ru/fulltext/c/2012/C21/172.pdf 
942 |c CF